| 000 | 02078cam a22004934i 4500 | ||
|---|---|---|---|
| 003 | PE-LiUPU | ||
| 005 | 20250731172910.0 | ||
| 008 | 150617s r 000 0 d | ||
| 035 | _a(Sirsi) a16858 | ||
| 040 |
_aPE-LiUPU _bspa _cPE-LiUPU _erda |
||
| 049 | _aPRUA | ||
| 082 | 0 | 4 |
_a253.75509 _bK46 _221 |
| 100 | 1 |
_aKessler, Juan B. A., _eautor. |
|
| 245 | 1 | 0 |
_aHistoria de la evangelización en el Perú / _cJuan B. A. Kessler. |
| 264 | 1 |
_aLima : _bImprenta Pacheco, _c1987. |
|
| 300 |
_a436 páginas cuadro ; _c17 cm. |
||
| 336 |
_atext _2rdacontent |
||
| 337 |
_aunmediated _2rdamedia |
||
| 338 |
_avolume _2rdacarrier |
||
| 504 | _aIncluye bibliografía. | ||
| 505 | 0 | _aEl transfondo de las iglesias peruanas. -Las iglesias que practicaron el bautismo de niños. -Las iglesias que practicaron el bautismo de adultos. -Las iglesias que acentuaron el bautismo en el Espíritu. -Las iglesias que no practicaron el bautismo. -Análisis bíblico del desarrollo de las iglesias. | |
| 526 | _aSEG42 | ||
| 526 | _aSEG41 | ||
| 526 | _aSEG40 | ||
| 526 | _aSEG39 | ||
| 526 | _aP94 | ||
| 526 | _aP87 | ||
| 526 | _aP86 | ||
| 526 | _aP85 | ||
| 526 | _aP77 | ||
| 526 | _aP76 | ||
| 526 | _aP35 | ||
| 650 | 0 | 4 |
_aEvangelización _zPerú _xhistoria. |
| 910 |
_ajck _bjvq _cjck _d20150616 |
||
| 942 |
_2ddc _cBOOK |
||
| 949 |
_a253.75509 K46 _wDEWEY _c1 _i39062 _lCCODEBUL1 _mBUL _p00.00 _r0 _sY _tBOOK _u2015-04-21 _xBIBLIOTECA _zUNKNOWN _0COMPRA _o.STAFF. Colección General |
||
| 949 |
_a253.75509 K46 _wDEWEY _c2 _i29443 _lCCODEBUL1 _mBUL _p00.00 _r0 _sY _tBOOK _u2015-04-21 _xTEOLOGIA _PP35 _0COMPRA _o.STAFF. Colección General |
||
| 994 |
_aC0 _bPEPRU |
||
| 596 | _a1 | ||
| 999 |
_a253.75509 K46 _wDEWEY _c16373 _i39062 _f2021-11-10 _g5 _lCCODEBUL1 _mBUL _r0 _sY _tBOOK _u2015-4-21 _xTEOLOGIA _zUNKNOWN _0COMPRA _o.STAFF. Colección General _d16373 |
||
| 999 |
_a253.75509 K46 _wDEWEY _c2 _i29443 _f2021-11-10 _g5 _lCCODEBUL1 _mBUL _r0 _sY _tBOOK _u2015-4-21 _xTEOLOGIA _PP35 _0COMPRA _o.STAFF. Colección General |
||
| 980 |
_81 _gALBERTO SANCHEZ Responsable de Automatización |
||